| 000 | 01105cam a22002533a 4500 | ||
|---|---|---|---|
| 001 | 5687 | ||
| 003 | PGUSA | ||
| 005 | 20140828083123.0 | ||
| 008 | 040501s2004||||xxu|||||s|||||000 | eng d | ||
| 040 |
_aPGUSA _beng |
||
| 042 | _adc | ||
| 050 | 4 | _aBX | |
| 100 | 1 |
_aKingsley, Charles, _d1819-1875 |
|
| 245 | 1 | 4 |
_aThe Water of Life, and Other Sermons _h[electronic resource] / _cCharles Kingsley |
| 260 |
_bProject Gutenberg, _c2004 |
||
| 505 | 0 | _aThe water of life -- The physician's calling -- The victory of life -- The wages of sin -- Night and day -- The shaking of the heavens and the earth -- The battle of life -- Free grace -- Ezekiel's vision -- Ruth -- Solomon -- Progress -- Faith -- The great commandment -- The earthquake -- The meteor shower -- Cholera -- The wicked servant -- Civilized barbarism -- The God of nature. | |
| 506 | _aPublic domain in the USA. | ||
| 516 | _aElectronic text | ||
| 653 | _aChurch of England -- Sermons | ||
| 653 | _aSermons, English -- 19th century | ||
| 830 | 0 |
_aProject Gutenberg _v5687 |
|
| 856 | 4 | 0 | _uhttp://www.gutenberg.org/ebooks/5687 |
| 942 | _cEB | ||
| 999 |
_c235015 _d235015 |
||